书目信息 |
| 题名: |
工程管理专业英语
|
|
| 作者: | 周鸣放 , 郭斌 主编 | |
| 分册: | ||
| 出版信息: | 北京 中国水利水电出版社 2003.11 |
|
| 页数: | 266页 | |
| 开本: | 21cm | |
| 丛书名: | ||
| 单 册: | ||
| 中图分类: | H31 | |
| 科图分类: | ||
| 主题词: | 工程施工--gong cheng shi gong--施工管理--英语 | |
| 电子资源: | ||
| ISBN: | 978-7-5084-1754-7 | |
| 000 | 01088nam0 2200265 450 | |
| 001 | 012007842021 | |
| 005 | 20070927092421.54 | |
| 010 | @a978-7-5084-1754-7@dCNY20.00 | |
| 100 | @a20070724d2003 km y0chiy0120 ea | |
| 101 | 0 | @achi@aeng |
| 102 | @aCN@b110000 | |
| 105 | @aa a 000yy | |
| 200 | 1 | @a工程管理专业英语@Agong cheng guan li zhuan ye ying yu@d= English for engineering project management@f周鸣放, 郭斌主编@Fzhou ming fang,guo bin zhu bian@zeng |
| 210 | @a北京@c中国水利水电出版社@d2003.11 | |
| 215 | @a266页@c图@d21cm | |
| 300 | @a附录: 1. 专业英语基础知识; … 4. 土木工程中常用的度量衡和单位换算; 5. 参考译文 | |
| 320 | @a有书目 (第266页)。 | |
| 330 | @a本书包括20个单元,共40篇文章,内容涉及钢筋混凝土结构、建筑学、建筑规划、房地产、建设项目管理、建筑施工、建筑经济、计算机应用、科技写作等方面。 | |
| 510 | 1 | @aEnglish for engineering project management@zeng |
| 606 | 0 | @a工程施工@Agong cheng shi gong@x施工管理@x英语 |
| 690 | @aH31@v4 | |
| 701 | 0 | @a周鸣放@Azhou ming fang@4主编 |
| 701 | 0 | @a郭斌@Aguo bin@4主编 |
| 801 | 0 | @aCN@c20070927 |
| 905 | @dH31@eZ781 | |
| 工程管理专业英语= English for engineering project management/周鸣放, 郭斌主编.-北京:中国水利水电出版社,2003.11 |
| 266页:图;21cm |
| 附录: 1. 专业英语基础知识; … 4. 土木工程中常用的度量衡和单位换算; 5. 参考译文 |
| ISBN 978-7-5084-1754-7:CNY20.00 |
| 本书包括20个单元,共40篇文章,内容涉及钢筋混凝土结构、建筑学、建筑规划、房地产、建设项目管理、建筑施工、建筑经济、计算机应用、科技写作等方面。 |
| ● |
| 相关链接 |
|
|
|
正题名:工程管理专业英语
索取号:H31/Z781
 
预约/预借
| 序号 | 登录号 | 条形码 | 馆藏地/架位号 | 状态 | 备注 |
| 1 | 246671 | 202466713 | 管理学院资料室/209语言库 84排1列2层/ [索取号:H31/Z781] | 在馆 | |
| 2 | 246672 | 202466722 | 语言库209/209语言库 91排3列4层/ [索取号:H31/Z781] | 在馆 | |
| 3 | 246673 | 202466731 | 管理学院资料室/209语言库 84排1列2层/ [索取号:H31/Z781] | 在馆 |